Calcul de moments appliqué à l'évaluation numérique d'intégrales /
Guardado en:
| Autor Principal: | |
|---|---|
| Formato: | Libro |
| Idioma: | French |
| Publicado: |
[Francia] :
Centre National de la Recherche Scientifique. Institut Blaise Pascal. Laboratoire de Calcul Numérique : Faculté des Sciences de l'Université de Paris. Institut de programmation,
Octobre 1965.
|
| Series: | Mathematiques à l'usage du calculateur. Techniques numériques ;
13 |
| Etiquetas: |
Agregar Etiqueta
Sin Etiquetas, Sea el primero en etiquetar este registro!
|
| LEADER | 00754nam a22001575a 4500 | ||
|---|---|---|---|
| 001 | MAT.inmabb001503 | ||
| 008 | 031124s1965####fr############000#0#fre#d | ||
| 005 | 20170816150758.0 | ||
| 245 | 1 | 0 | |a Calcul de moments appliqué à l'évaluation numérique d'intégrales / |c par Jean-Paul Boujot. |
| 260 | |a [Francia] : |b Centre National de la Recherche Scientifique. Institut Blaise Pascal. Laboratoire de Calcul Numérique : |b Faculté des Sciences de l'Université de Paris. Institut de programmation, |c Octobre 1965. | ||
| 300 | |a 35 h. ; |c 27 cm. | ||
| 440 | 0 | |a Mathematiques à l'usage du calculateur. |p Techniques numériques ; |v 13 | |
| 500 | |a Publication No. VB/8.10.5/AI | ||
| 100 | 1 | |a Boujot, Jean-Paul. | |
| 084 | |a 44-XX |2 msc2000 | ||
| 859 | |h 44 |i B762 |p A-1850 |b BIB. MATEMATICA | ||
